Gaming Quiz

Random Gaming or Pokémon Quiz

Pikachu Moves Quiz Stats

 Plays Quiz Updated Nov 26, 2018

Support Sporcle.
Go Orange.
Score 0/96 Timer 04:00
2 Plays Today
Generation Move % Correct
IThunder
98.2%
IIThunder
98.2%
IIIThunder
98.2%
IVThunder
98.2%
VThunder
97.2%
VIThunder
97.1%
VIIThunder
96.2%
VThunderbolt
87%
VIIThunderbolt
87%
VIThunderbolt
86.8%
IThunderbolt
85.1%
IIThunderbolt
85.1%
IIIThunderbolt
85.1%
IVThunderbolt
85.1%
VThunder Shock
80.7%
VIThunder Shock
80.4%
IThunder Shock
80.4%
IIThunder Shock
80.4%
IIIThunder Shock
80.4%
IVThunder Shock
80.4%
VIIThunder Shock
79.3%
VIIQuick Attack
79.2%
VIQuick Attack
77.4%
VQuick Attack
77.3%
IQuick Attack
72.2%
IIQuick Attack
72.2%
IIIQuick Attack
72.2%
IVQuick Attack
72.2%
VIIGrowl
71%
VIIThunder Wave
70.4%
VThunder Wave
69.6%
VIThunder Wave
69.5%
Generation Move % Correct
VIITail Whip
69.5%
VIGrowl
68.4%
VGrowl
68.2%
VTail Whip
67.8%
VITail Whip
67.8%
IThunder Wave
65.3%
IIThunder Wave
65.3%
IIIThunder Wave
65.3%
IVThunder Wave
65.3%
VIIAgility
64.2%
ITail Whip
63.2%
IITail Whip
63.2%
IIITail Whip
63.2%
IVTail Whip
63.2%
VIAgility
62%
VAgility
61.7%
IGrowl
60.8%
IIGrowl
60.8%
IIIGrowl
60.8%
IVGrowl
60.8%
VIIElectro Ball
54.2%
IAgility
52.9%
IIAgility
52.9%
IIIAgility
52.9%
IVAgility
52.9%
VIISlam
51.3%
VIElectro Ball
49.1%
VISlam
48.6%
VSlam
48.4%
VElectro Ball
47.2%
VIIDouble Team
45.4%
IDouble Team
45.3%
Generation Move % Correct
VIILight Screen
45.2%
VIDouble Team
41.6%
VDouble Team
41.2%
ISlam
39%
IISlam
39%
IIISlam
39%
IVSlam
39%
VILight Screen
38.8%
VIISpark
38.2%
VISpark
38.1%
VLight Screen
38.1%
VIIDischarge
35.6%
VIINuzzle
34.6%
IIDouble Team
32%
IIIDouble Team
32%
IVDouble Team
32%
VIDischarge
30.3%
VINuzzle
29.9%
VDischarge
29.6%
ILight Screen
26.2%
IILight Screen
26.2%
IIILight Screen
26.2%
IVLight Screen
26.2%
VIIWild Charge
23.5%
VIWild Charge
23.5%
VIIPlay Nice
18.3%
VIPlay Nice
17.9%
IVDischarge
17.9%
VIIFeint
16.3%
VIFeint
15.6%
VFeint
15.3%
IVFeint
8.8%

You're not logged in!

Compare scores with friends on all Sporcle quizzes.
OR
Log In
Forgot?

From the Vault

Somewhere in the Middle (Geography)

by pdigoe

Geography 90s
This quiz is stuck in the middle between a rock and a hard place. That's how the saying goes, right?
Remove Ads.
Support Sporcle.
Get the best of Sporcle when you Go Orange. This ad-free experience offers more features, more stats, and more fun while also helping to support Sporcle. Thank you for becoming a member.

Show Comments

Extras

Top Quizzes Today


Score Distribution

Your Account Isn't Verified!

In order to create a playlist on Sporcle, you need to verify the email address you used during registration. Go to your Sporcle Settings to finish the process.

Report this User

Report this user for behavior that violates our Community Guidelines.

Details: